[Event "9.th Korbach B Open"]
[Site "Korbach"]
[Date "2017.10.21"]
[Round "5.36"]
[White "Weltecke, Marco"]
[Black "Hoelss, Silas"]
[Result "0-1"]
[WhiteElo "1535"]
[BlackElo "1467"]
[PlyCount "40"]
[EventDate "2017.10.19"]
[EventType "swiss"]
[EventRounds "7"]
[EventCountry "GER"]
[SourceDate "2017.10.24"]

1. e4 Nf6 2. Nc3 e5 3. Nf3 Nc6 4. Bc4 Bc5 5. O-O O-O 6. d3 h6 7. Ne2 d6 8. h3
Be6 9. Bb3 d5 10. Ng3 dxe4 11. dxe4 Bxb3 12. axb3 Re8 13. Re1 Nb4 14. c3 Nd3
15. Rf1 Nxf2 16. Qe2 N2xe4+ 17. Kh2 Nxg3 18. Kxg3 Qd6 19. Rd1 Nd5 20. Qe4 Nxc3
0-1

[Event "9.th Korbach B Open"]
[Site "Korbach"]
[Date "2017.10.21"]
[Round "5.37"]
[White "Eurich, Eva"]
[Black "Leis, Michael"]
[Result "0-1"]
[WhiteElo "1084"]
[BlackElo "1287"]
[PlyCount "114"]
[EventDate "2017.10.19"]
[EventType "swiss"]
[EventRounds "7"]
[EventCountry "GER"]
[SourceDate "2017.10.24"]

1. d4 d5 2. Nf3 Nc6 3. Bf4 Nf6 4. e3 e6 5. h3 Bd6 6. Bh2 O-O 7. Bd3 h6 8. c4
dxc4 9. Bxc4 Bb4+ 10. Nc3 Ne4 11. O-O Bxc3 12. bxc3 Nxc3 13. Qc2 Nd5 14. a3
Nce7 15. Rad1 c6 16. Ne5 a6 17. Bd3 Nf6 18. Ng4 Ng6 19. Ne5 Nxe5 20. Bxe5 g6
21. f3 Kg7 22. Qf2 Rg8 23. Qg3 Kh7 24. Qh4 Kg7 25. Qg3 b5 26. h4 Kf8 27. Bd6+
Ke8 28. Bc7 Qe7 29. Qd6 {Remisangebot} Qxd6 30. Bxd6 Nd5 31. Rfe1 Kd7 32. Bc5
Bb7 33. e4 Ne7 34. d5 cxd5 35. Bc2 Rgc8 36. Bxe7 Kxe7 37. Bb3 Kd6 38. e5+ Ke7
39. Kh2 Rc3 40. Rb1 Rac8 41. a4 b4 42. a5 R8c5 43. Bd1 R5c4 44. Be2 Rxh4+ 45.
Kg3 Rd4 46. Kf2 b3 47. Red1 Rb4 48. Rd2 d4 49. Bd3 Bd5 50. Bxa6 Ra4 51. Kg3 Ra2
52. Rxd4 Rcc2 53. Rb4 Rcb2 54. Bd3 g5 55. a6 Rxg2+ 56. Kh3 Rh2+ 57. Kg3 Rag2#
0-1

[Event "9.th Korbach B Open"]
[Site "Korbach"]
[Date "2017.10.22"]
[Round "6.1"]
[White "Vega Lopez de Nava, Cesar Octavi"]
[Black "Bigott, Martin"]
[Result "1-0"]
[WhiteElo "1922"]
[BlackElo "1787"]
[PlyCount "85"]
[EventDate "2017.10.19"]
[EventType "swiss"]
[EventRounds "7"]
[EventCountry "GER"]
[SourceDate "2017.10.24"]

1. e4 Nf6 2. e5 Nd5 3. d4 d6 4. c4 Nb6 5. exd6 exd6 6. Nc3 Be7 7. Bd3 N8d7 8.
Nf3 Nf6 9. h3 Nbd7 10. Qa4 O-O 11. Be3 Re8 12. O-O Nf8 13. d5 Bd7 14. Qc2 Ng6
15. Ne2 Ne5 16. Nxe5 dxe5 17. Ng3 g6 18. f4 exf4 19. Bxf4 Rf8 20. Bh6 Re8 21.
Qc3 Bd6 22. Ne4 Be5 23. Nxf6+ Kh8 24. Bg7+ Kxg7 25. Nxe8+ Qxe8 26. Qd2 Bd4+ 27.
Kh1 Be5 28. Rae1 f6 29. Qb4 a5 30. Qxb7 Rb8 31. Qa7 Rxb2 32. Qxa5 Bxh3 33. gxh3
Qd7 34. Rf3 Rh2+ 35. Kg1 Rxh3 36. Bf5 gxf5 37. Rxh3 f4 38. Rh4 Qf5 39. Qd2 Bd4+
40. Kh1 Be3 41. Qg2+ Kf7 42. Qf3 Ke7 43. Rxf4 1-0

[Event "9.th Korbach B Open"]
[Site "Korbach"]
[Date "2017.10.22"]
[Round "6.2"]
[White "Schloemer, Andreas"]
[Black "Lages, Karl Heinz"]
[Result "0-1"]
[WhiteElo "1704"]
[BlackElo "1867"]
[PlyCount "84"]
[EventDate "2017.10.19"]
[EventType "swiss"]
[EventRounds "7"]
[EventCountry "GER"]
[SourceDate "2017.10.24"]

1. c4 Nf6 2. g3 d5 3. cxd5 Nxd5 4. Bg2 g6 5. Nc3 Nxc3 6. bxc3 Nd7 7. Nf3 Bg7 8.
O-O O-O 9. Bb2 Nb6 10. d3 c6 11. Qc2 Qc7 12. c4 e5 13. Nd2 Be6 14. h3 f5 15. f4
Nd7 16. e3 Rad8 17. Nf3 h6 18. Rad1 Rfe8 19. Rfe1 Bf7 20. d4 exf4 21. exf4 Qa5
22. Rxe8+ Rxe8 23. Bc3 Qa6 24. c5 Re2 25. Bd2 Qxa2 26. Qxa2 Bxa2 27. Ra1 Bd5
28. Be1 Bxf3 29. Bxf3 Bxd4+ 30. Kf1 Re3 31. Rd1 Rxf3+ 32. Kg2 Re3 33. Rxd4 Nxc5
34. Bf2 Re2 35. Rd8+ Kf7 36. Kf3 Rc2 37. Bxc5 Rxc5 38. Rd7+ Ke6 39. Rxb7 Rc3+
40. Kf2 a5 41. Rb2 a4 42. h4 a3 0-1

[Event "9.th Korbach B Open"]
[Site "Korbach"]
[Date "2017.10.22"]
[Round "6.3"]
[White "Ruhl, Marcel"]
[Black "Koellner, Felicitas Ophelia"]
[Result "0-1"]
[WhiteElo "1555"]
[BlackElo "1757"]
[PlyCount "52"]
[EventDate "2017.10.19"]
[EventType "swiss"]
[EventRounds "7"]
[EventCountry "GER"]
[SourceDate "2017.10.24"]

1. d4 d6 2. c4 e5 3. dxe5 dxe5 4. Qc2 Be6 5. Nf3 f6 6. e3 c6 7. Be2 Nh6 8. O-O
Be7 9. Rd1 Qc7 10. b3 Nd7 11. Bb2 O-O 12. Nbd2 a5 13. Ne4 Rad8 14. a3 Bf5 15.
Nh4 Bxe4 16. Qxe4 f5 17. Nxf5 Nxf5 18. f4 Qb6 19. Bg4 Nxe3 20. Be6+ Kh8 21.
Rxd7 Rxd7 22. Bxd7 Nc2+ 23. Kh1 Nxa1 24. c5 Qxb3 25. Qe2 Qc2 26. Qxe5 Qd1+ 0-1

[Event "9.th Korbach B Open"]
[Site "Korbach"]
[Date "2017.10.22"]
[Round "6.4"]
[White "Lasschuit, Rene"]
[Black "Maters, Arthur"]
[Result "0-1"]
[WhiteElo "1733"]
[BlackElo "1709"]
[PlyCount "56"]
[EventDate "2017.10.19"]
[EventType "swiss"]
[EventRounds "7"]
[EventCountry "GER"]
[SourceDate "2017.10.24"]

1. c4 e5 2. g3 Nc6 3. Bg2 f5 4. Nc3 Nf6 5. e3 d5 6. cxd5 Nb4 7. d3 Nbxd5 8.
Nxd5 Nxd5 9. Ne2 c6 10. O-O Be6 11. a3 Bd6 12. Qc2 O-O 13. f4 Qb6 14. d4 e4 15.
Nc3 Rac8 16. Bd2 c5 17. Nxd5 Bxd5 18. Bc3 cxd4 19. exd4 Qxd4+ 20. Bxd4 Rxc2 21.
Rac1 Rfc8 22. Rxc2 Rxc2 23. Bc3 Bxa3 24. Rd1 Bc6 25. Bxg7 Bxb2 26. Bxb2 Rxb2
27. Bh3 e3 28. Bxf5 Rg2+ 0-1

[Event "9.th Korbach B Open"]
[Site "Korbach"]
[Date "2017.10.22"]
[Round "6.5"]
[White "Hoelss, Manuel"]
[Black "Koellner, Aaron Noah"]
[Result "0-1"]
[WhiteElo "1739"]
[BlackElo "1930"]
[PlyCount "54"]
[EventDate "2017.10.19"]
[EventType "swiss"]
[EventRounds "7"]
[EventCountry "GER"]
[SourceDate "2017.10.24"]

1. e4 c5 2. Nf3 e6 3. d4 cxd4 4. Nxd4 Nc6 5. Nc3 Qc7 6. Be3 a6 7. Qd2 Nf6 8.
O-O-O Bb4 9. f3 Ne5 10. a3 Be7 11. g4 b5 12. b4 Bb7 13. g5 Nh5 14. f4 Ng4 15.
Nde2 Nxe3 16. Qxe3 Bd6 17. e5 Be7 18. Rg1 d6 19. Ne4 dxe5 20. fxe5 Qxe5 21. Bg2
Qa1+ 22. Kd2 Rd8+ 23. Qd3 Rxd3+ 24. cxd3 Qb2+ 25. Ke3 Qe5 26. Bf3 Bxe4 27. dxe4
Bxg5+ 0-1

[Event "9.th Korbach B Open"]
[Site "Korbach"]
[Date "2017.10.22"]
[Round "6.6"]
[White "Van Heeren, Arie"]
[Black "Sharikow, Alexej"]
[Result "1/2-1/2"]
[WhiteElo "1701"]
[BlackElo "1903"]
[PlyCount "115"]
[EventDate "2017.10.19"]
[EventType "swiss"]
[EventRounds "7"]
[EventCountry "GER"]
[SourceDate "2017.10.24"]

1. e4 e5 2. Nf3 Nc6 3. Bb5 Bc5 4. O-O Nge7 5. c3 a6 6. Ba4 b5 7. Bb3 Ng6 8. d4
exd4 9. cxd4 Be7 10. Nc3 Na5 11. Bc2 Bb7 12. Re1 O-O 13. a3 Re8 14. Ne2 d6 15.
Ng3 c5 16. d5 Nc4 17. b3 Bf6 18. Rb1 Nce5 19. Bd2 a5 20. Nh5 Nxf3+ 21. Qxf3 Be5
22. Bc3 Nh4 23. Qd3 Qg5 24. Ng3 Bxc3 25. Qxc3 b4 26. axb4 axb4 27. Qb2 Ra3 28.
Bd3 Rea8 29. Qc1 Qxc1 30. Rexc1 f6 31. Nh5 Kf7 32. Nf4 Bc8 33. Bc4 Ra2 34. Rd1
g5 35. Nd3 Ng6 36. g3 Ne5 37. Nxe5+ fxe5 38. Re1 Rd2 39. Re2 Rxe2 40. Bxe2 Ra2
41. Bc4 Ba6 42. Bxa6 Rxa6 43. Rb2 Ra1+ 44. Kg2 Rc1 45. f4 gxf4 46. gxf4 Kf6 47.
f5 Rc3 48. Kf2 c4 49. bxc4 b3 50. Ke2 Rxc4 51. Kd3 Rb4 52. Ke3 Kg5 53. Kf3 h5
54. Rg2+ Kf6 55. Rb2 h4 56. h3 Rb8 57. Kf2 Rb7 58. Ke2 1/2-1/2

[Event "9.th Korbach B Open"]
[Site "Korbach"]
[Date "2017.10.22"]
[Round "6.8"]
[White "Fobbe, Ottmar"]
[Black "Beisinghoff, Rudolf"]
[Result "1-0"]
[WhiteElo "1846"]
[BlackElo "1648"]
[PlyCount "84"]
[EventDate "2017.10.19"]
[EventType "swiss"]
[EventRounds "7"]
[EventCountry "GER"]
[SourceDate "2017.10.24"]

1. e4 e5 2. Nf3 Nc6 3. Bb5 a6 4. Ba4 b5 5. Bb3 d6 6. O-O Bg4 7. c3 Nf6 8. Re1
Be7 9. d3 h6 10. a4 b4 11. a5 O-O 12. Be3 Rb8 13. Bc4 Qc8 14. Nbd2 Nd8 15. Qe2
Ne6 16. d4 exd4 17. cxd4 Ra8 18. h3 Bxf3 19. Qxf3 Ng5 20. Bxg5 hxg5 21. e5 dxe5
22. dxe5 Nh7 23. e6 f5 24. Nf1 Qe8 25. Ne3 c6 26. Rad1 Kh8 27. Rd7 Nf6 28. Rc7
Qg6 29. Rxe7 g4 30. Qg3 Qg5 31. hxg4 fxg4 32. f4 Qc5 33. Qh4+ Nh5 34. Qg5 Qxg5
35. fxg5 Kh7 36. Nxg4 Kg6 37. Ne5+ Kxg5 38. Nf7+ Kf4 39. Rc7 Nf6 40. Rxc6 Ne4
41. e7 Rfc8 42. Rxc8 Rxc8 1-0

[Event "9.th Korbach B Open"]
[Site "Korbach"]
[Date "2017.10.22"]
[Round "6.9"]
[White "Yon, Gregory"]
[Black "Koch, Thomas1"]
[Result "1-0"]
[WhiteElo "1588"]
[BlackElo "1812"]
[PlyCount "87"]
[EventDate "2017.10.19"]
[EventType "swiss"]
[EventRounds "7"]
[EventCountry "GER"]
[SourceDate "2017.10.24"]

1. d4 Nf6 2. Bf4 g6 3. Nc3 d6 4. e4 Bg7 5. Be2 O-O 6. Qd2 Nbd7 7. O-O-O a6 8.
h4 Nh5 9. Bxh5 gxh5 10. Bh6 e6 11. Bxg7 Kxg7 12. Qe2 Qf6 13. Qxh5 Qg6 14. Qg5
f6 15. Qxg6+ Kxg6 16. g4 b6 17. Nh3 Bb7 18. Nf4+ Kf7 19. d5 e5 20. Ne6 Rfc8 21.
f4 b5 22. g5 exf4 23. gxf6 Nc5 24. Nxc5 dxc5 25. Rhf1 Kxf6 26. Rxf4+ Ke7 27.
Rdf1 Rf8 28. Rxf8 Rxf8 29. Rxf8 Kxf8 30. Kd2 Kg7 31. Ke3 Kg6 32. Kf4 Kh5 33.
Nd1 Kxh4 34. Ne3 Kh5 35. Kf5 Bc8+ 36. Kf6 Kh4 37. e5 Kg3 38. e6 h5 39. Ke7 Bb7
40. Kf6 Kf4 41. e7 Kxe3 42. e8=Q+ Kd4 43. Qe5+ Kc4 44. Qe4# 1-0

[Event "9.th Korbach B Open"]
[Site "Korbach"]
[Date "2017.10.22"]
[Round "6.10"]
[White "Lanz, Udo"]
[Black "Stork, Christopher"]
[Result "1-0"]
[WhiteElo "1801"]
[BlackElo "1652"]
[PlyCount "78"]
[EventDate "2017.10.19"]
[EventType "swiss"]
[EventRounds "7"]
[EventCountry "GER"]
[SourceDate "2017.10.24"]

1. e4 c5 2. f4 Nc6 3. Nf3 g6 4. Bb5 Bg7 5. d3 d6 6. Bxc6+ bxc6 7. Nc3 Nf6 8.
O-O O-O 9. Qe1 Nh5 10. h3 Bh6 11. f5 Bxc1 12. Qxc1 e5 13. Qh6 Qf6 14. Ne2 Qg7
15. Qg5 Qf6 16. Qh6 Qg7 17. Qg5 Qf6 {Remisangebot} 18. g4 Qxg5 19. Nxg5 Ng7 20.
Rab1 Rb8 21. Kf2 Ba6 22. Ke3 Rb7 23. Nf3 Rfb8 24. b3 Ne8 25. Rf2 Nc7 26. Rbf1
Nb5 27. c3 Rd7 28. fxg6 hxg6 29. Ng5 Rf8 30. Rf6 Nc7 31. R6f2 c4 32. d4 exd4+
33. Nxd4 f5 34. gxf5 Rh7 35. fxg6 Rxh3+ 36. Kd2 {weitere Notation unklar} Ne6
37. Rxf8+ Nxf8 38. Nxc6 Bc8 39. Rf2 Rh6 {weitere Züge nicht lesbar} 1-0

[Event "9.th Korbach B Open"]
[Site "Korbach"]
[Date "2017.10.22"]
[Round "6.11"]
[White "Schneider, Udo"]
[Black "Schulz, Daniel"]
[Result "1/2-1/2"]
[WhiteElo "1761"]
[BlackElo "1537"]
[PlyCount "85"]
[EventDate "2017.10.19"]
[EventType "swiss"]
[EventRounds "7"]
[EventCountry "GER"]
[SourceDate "2017.10.24"]

1. d4 e6 2. c4 Nf6 3. g3 d5 4. Bg2 Nc6 5. Nc3 Bb4 6. Bg5 dxc4 7. Bxc6+ bxc6 8.
Nf3 h6 9. Bxf6 Qxf6 10. Qa4 Bxc3+ 11. bxc3 Bd7 12. Ne5 Qe7 13. Qxc4 O-O 14. O-O
Rab8 15. Rab1 Rb6 16. Rxb6 cxb6 17. Nxc6 Bxc6 18. Qxc6 Qa3 19. Qc4 b5 20. Qb3
Qa5 21. c4 bxc4 22. Qxc4 Rd8 23. e3 Qd5 24. Rc1 Qb7 25. Qc7 Rb8 26. Qxb7 Rxb7
27. Rc2 Kf8 28. h4 h5 29. Kg2 Rd7 30. Rc5 Rd5 31. Rc8+ Ke7 32. Rc7+ Rd7 {
Remisangebot} 33. Rxd7+ Kxd7 34. e4 Kd6 35. f4 f5 36. exf5 exf5 37. Kf3 Kd5 38.
Ke3 Kc4 39. a3 {Remisangebot} a6 40. a4 a5 41. d5 Kxd5 42. Kd3 Kc5 43. Kc3
1/2-1/2

[Event "9.th Korbach B Open"]
[Site "Korbach"]
[Date "2017.10.22"]
[Round "6.13"]
[White "Pabst, Olaf"]
[Black "Dessens, John"]
[Result "1-0"]
[WhiteElo "1603"]
[BlackElo "1318"]
[PlyCount "67"]
[EventDate "2017.10.19"]
[EventType "swiss"]
[EventRounds "7"]
[EventCountry "GER"]
[SourceDate "2017.10.24"]

1. Nc3 e5 2. e4 Nf6 3. f4 d6 4. Nf3 Bg4 5. Bc4 Be7 6. fxe5 dxe5 7. Bxf7+ Kf8 8.
Bc4 Nc6 9. Be2 Bxf3 10. Bxf3 Nd4 11. d3 Bb4 12. a3 Bxc3+ 13. bxc3 Nb5 14. Bd2
Qe7 15. a4 Nd6 16. O-O Ke8 17. Qe2 Kd8 18. Rae1 c6 19. d4 Nf7 20. Kh1 h5 21. d5
g5 22. dxc6 g4 23. Qd3+ Qd6 24. Qxd6+ Nxd6 25. cxb7 Rb8 26. Bg5 Rf8 27. Bxg4
hxg4 28. Rxf6 Rxf6 29. Bxf6+ Kd7 30. Bxe5 Rxb7 31. Rd1 Rb6 32. Rxd6+ Rxd6 33.
Bxd6 Kxd6 34. Kg1 1-0

[Event "9.th Korbach B Open"]
[Site "Korbach"]
[Date "2017.10.22"]
[Round "6.16"]
[White "Werner, Elmar"]
[Black "Pohle, Saskia"]
[Result "0-1"]
[WhiteElo "1740"]
[BlackElo "1376"]
[PlyCount "70"]
[EventDate "2017.10.19"]
[EventType "swiss"]
[EventRounds "7"]
[EventCountry "GER"]
[SourceDate "2017.10.24"]

1. d4 d5 2. c4 e6 3. Nc3 Nf6 4. Bg5 Nbd7 5. e3 c6 6. Nf3 Qa5 7. Nd2 Bb4 8. Qc2
O-O 9. Be2 dxc4 10. Bxf6 Nxf6 11. Bxc4 Re8 12. a3 Bxc3 13. Qxc3 Qc7 14. Nf3 Nd5
15. Qc2 Bd7 16. g4 f6 17. h4 Kh8 18. g5 e5 19. Bxd5 Qa5+ 20. Ke2 Qxd5 21. Rag1
exd4 22. Nxd4 Qxd4 23. gxf6 Qxf6 24. Rg5 Rf8 25. f4 Rae8 26. Rhg1 Bf5 27. Qb3
Re7 28. h5 h6 29. R5g3 Rfe8 30. Kf2 Qe6 31. Qc3 Qf6 32. Qb3 {Remisangebot} Rd8
33. Qb4 Qd6 34. Rd1 Qxd1 35. Qxe7 Rd2# 0-1

[Event "9.th Korbach B Open"]
[Site "Korbach"]
[Date "2017.10.22"]
[Round "6.17"]
[White "Wachsmann, Elmar"]
[Black "Spinnler, Wolfgang"]
[Result "1/2-1/2"]
[WhiteElo "1663"]
[BlackElo "1591"]
[PlyCount "62"]
[EventDate "2017.10.19"]
[EventType "swiss"]
[EventRounds "7"]
[EventCountry "GER"]
[SourceDate "2017.10.24"]

1. d4 Nf6 2. Nf3 g6 3. Bf4 d6 4. h3 Bg7 5. e3 b6 6. Bd3 Bb7 7. Nbd2 O-O 8. c3
c5 9. O-O Nbd7 10. Re1 Re8 11. Bh2 Nh5 12. e4 cxd4 13. cxd4 e5 14. d5 Nc5 15.
Bb5 Re7 16. b4 Nd7 17. Rc1 a6 18. Bd3 b5 19. Nb3 Nb6 20. Na5 Rc7 21. Nd2 Bh6
22. Rxc7 Qxc7 23. Ndb3 Rc8 24. Re2 Ba8 25. a3 Nf4 26. Rc2 Qd7 27. Rxc8+ Qxc8
28. Qc2 Qxc2 29. Bxc2 Ne2+ 30. Kf1 Nc1 31. Bd1 Nc4 1/2-1/2

[Event "9.th Korbach B Open"]
[Site "Korbach"]
[Date "2017.10.22"]
[Round "6.18"]
[White "Haack, Kevin"]
[Black "Moderow, Manuel"]
[Result "1-0"]
[WhiteElo "1655"]
[BlackElo "1210"]
[PlyCount "79"]
[EventDate "2017.10.19"]
[EventType "swiss"]
[EventRounds "7"]
[EventCountry "GER"]
[SourceDate "2017.10.24"]

1. c4 e5 2. g3 Nf6 3. Bg2 Bc5 4. Nc3 O-O 5. e3 Nc6 6. Nge2 a6 7. d4 exd4 8.
exd4 Ba7 9. O-O Ne7 10. Be3 d6 11. Rc1 Nc6 12. h3 Bf5 13. Kh2 Re8 14. Qd2 Ne4
15. Nxe4 Bxe4 16. Bxe4 Rxe4 17. d5 Bxe3 18. fxe3 Ne7 19. Nd4 Ng6 20. Qf2 Qd7
21. Rce1 Rae8 22. b3 Ne5 23. Qc2 Ng6 24. Qb2 Ne7 25. Nf3 h6 26. Nd2 Re5 27. e4
Ng6 28. Qd4 b6 29. Nf3 R5e7 30. Re2 a5 31. Rfe1 Ne5 32. Nd2 Ra8 33. a4 Rae8 34.
Kg2 Kf8 35. Nf1 Kg8 36. Ne3 g6 37. Qd2 Kh7 38. Nc2 Qd8 39. Nd4 Nd7 40. Nc6 1-0

[Event "9.th Korbach B Open"]
[Site "Korbach"]
[Date "2017.10.22"]
[Round "6.21"]
[White "Hofmann, Niclas"]
[Black "Lorch, Alexander"]
[Result "1-0"]
[WhiteElo "1534"]
[BlackElo "1636"]
[PlyCount "73"]
[EventDate "2017.10.19"]
[EventType "swiss"]
[EventRounds "7"]
[EventCountry "GER"]
[SourceDate "2017.10.24"]

1. d4 Nf6 2. c4 g6 3. Nc3 Bg7 4. e4 d6 5. Nf3 O-O 6. Be2 e5 7. O-O Nc6 8. d5
Ne7 9. b4 Nh5 10. Ng5 Nf4 11. Rb1 Nxe2+ 12. Qxe2 h6 13. Nf3 f5 14. Nd2 b6 15.
c5 fxe4 16. Ndxe4 bxc5 17. bxc5 Nf5 18. cxd6 cxd6 19. Ba3 Rf7 20. Rb2 Bf8 21.
Rfb1 Kg7 22. Nb5 Ba6 23. Nexd6 Nxd6 24. Qxe5+ Qf6 25. Qxf6+ Rxf6 26. Nc7 Nc4
27. Nxa8 Nxb2 28. Bxb2 Bc4 29. Bxf6+ Kxf6 30. Nc7 Bxa2 31. Ra1 Bb3 32. Rxa7 Ke5
33. Ra6 Bc2 34. Re6+ Kf5 35. d6 Ba4 36. g4+ Kxg4 37. Re4+ 1-0

[Event "9.th Korbach B Open"]
[Site "Korbach"]
[Date "2017.10.22"]
[Round "6.22"]
[White "Werner, Rosalie"]
[Black "Deutsch, Volker"]
[Result "1/2-1/2"]
[WhiteElo "1404"]
[BlackElo "1612"]
[PlyCount "54"]
[EventDate "2017.10.19"]
[EventType "swiss"]
[EventRounds "7"]
[EventCountry "GER"]
[SourceDate "2017.10.24"]

1. e4 e5 2. Nf3 Nc6 3. Bc4 Bc5 4. c3 Nf6 5. d4 exd4 6. e5 d5 7. Bb5 Ne4 8. cxd4
Bb6 9. Nc3 O-O 10. O-O Bg4 11. Bxc6 bxc6 12. Be3 f6 13. h3 Bf5 14. g4 Bg6 15.
exf6 Qxf6 16. Ne5 Qd6 17. Kg2 h6 18. f3 Nxc3 19. bxc3 Bh7 20. a4 a5 21. Qd2 {
Remisangebot} Rfe8 22. Rfe1 c5 23. h4 c4 24. Ra2 c6 25. Bf4 Bc7 26. Raa1 Qf6
27. Bg3 Rac8 1/2-1/2

[Event "9.th Korbach B Open"]
[Site "Korbach"]
[Date "2017.10.22"]
[Round "6.24"]
[White "Schmechtig, Lucas"]
[Black "John, Volkmar"]
[Result "1-0"]
[WhiteElo "1453"]
[BlackElo "1861"]
[PlyCount "57"]
[EventDate "2017.10.19"]
[EventType "swiss"]
[EventRounds "7"]
[EventCountry "GER"]
[SourceDate "2017.10.24"]

1. c4 c5 2. g3 Nc6 3. Bg2 g6 4. Nc3 Bg7 5. e4 e6 6. Nge2 Nge7 7. O-O O-O 8. d3
d6 9. Rb1 b6 10. a3 Bb7 11. f4 Qd7 12. Be3 Nd4 13. Bf2 Nec6 14. b4 Rad8 15. b5
Nxe2+ 16. Nxe2 Nd4 17. Nxd4 Bxd4 18. Bxd4 cxd4 19. Qa4 a5 20. Qc2 f5 21. exf5
Bxg2 22. fxe6 Qxe6 23. Kxg2 Rfe8 24. Rbe1 Qf5 25. Re2 Rxe2+ 26. Qxe2 Kf8 27.
Re1 Qf7 28. Qe4 Rc8 29. Qxd4 1-0

[Event "9.th Korbach B Open"]
[Site "Korbach"]
[Date "2017.10.22"]
[Round "6.25"]
[White "Fromm, Nick"]
[Black "Niemeyer, Norbert"]
[Result "1-0"]
[WhiteElo "1443"]
[BlackElo "1678"]
[PlyCount "91"]
[EventDate "2017.10.19"]
[EventType "swiss"]
[EventRounds "7"]
[EventCountry "GER"]
[SourceDate "2017.10.24"]

1. e4 Nf6 2. e5 Nd5 3. c4 Nb6 4. d4 d6 5. Nf3 dxe5 6. Nxe5 g6 7. b3 Bg7 8. Bb2
O-O 9. Bd3 N8d7 10. f4 e6 11. O-O Nf6 12. Nd2 c6 13. Ndf3 Nbd7 14. Qe1 Nxe5 15.
fxe5 Ng4 16. Qg3 Nh6 17. Qh3 f5 18. Rad1 g5 19. Qg3 g4 20. Nh4 Nf7 21. Kh1 h5
22. h3 Bh6 23. hxg4 hxg4 24. d5 Bg5 25. Ng6 Kg7 26. Nxf8 Qxf8 27. dxe6 Bxe6 28.
Bxf5 Qh8+ 29. Kg1 Qh6 30. Bxe6 Be3+ 31. Rf2 Bxf2+ 32. Kxf2 Qxe6 33. Rd4 Qf5+
34. Qf4 Kg6 35. Qxf5+ Kxf5 36. Kg3 Rd8 37. Rf4+ Ke6 38. Rxg4 Rd3+ 39. Kh2 Kf5
40. Rd4 Nxe5 41. Rxd3 Nxd3 42. Bd4 Nc1 43. Bxa7 Nxa2 44. Kh3 Nc1 45. g4+ Kg5
46. Be3+ 1-0

[Event "9.th Korbach B Open"]
[Site "Korbach"]
[Date "2017.10.22"]
[Round "6.26"]
[White "Weber, Detlef"]
[Black "Deutsch, Oliver"]
[Result "1-0"]
[WhiteElo "1628"]
[BlackElo "1408"]
[PlyCount "67"]
[EventDate "2017.10.19"]
[EventType "swiss"]
[EventRounds "7"]
[EventCountry "GER"]
[SourceDate "2017.10.24"]

1. e4 e5 2. Bc4 Nc6 3. Nf3 Bc5 4. c3 Nf6 5. d3 O-O 6. a3 d6 7. h3 Be6 8. Nbd2
Qd7 9. b4 Bb6 10. Bb5 a6 11. Ba4 Ba7 12. c4 Rab8 13. b5 Nd4 14. b6 Nxf3+ 15.
Nxf3 Qe7 16. bxa7 Ra8 17. Be3 b6 18. Ng5 Bd7 19. Bb3 Rxa7 20. Nf3 Rb7 21. Qc1
Be6 22. Bd2 Rd8 23. Ng5 Bc8 24. Nf3 c6 25. Rb1 c5 26. Bg5 b5 27. Bd2 Qc7 28.
O-O Bd7 29. Ng5 a5 30. cxb5 Bxb5 31. Nxf7 Re8 32. Nxd6+ Kh8 33. Nxe8 Nxe8 34.
Bc4 1-0

[Event "9.th Korbach B Open"]
[Site "Korbach"]
[Date "2017.10.22"]
[Round "6.27"]
[White "Warter, Simon"]
[Black "Fliegner, Thomas"]
[Result "0-1"]
[WhiteElo "1410"]
[BlackElo "1594"]
[PlyCount "132"]
[EventDate "2017.10.19"]
[EventType "swiss"]
[EventRounds "7"]
[EventCountry "GER"]
[SourceDate "2017.10.24"]

1. e4 c6 2. d4 d5 3. Nc3 dxe4 4. Nxe4 Bf5 5. Ng3 Bg6 6. Nf3 h6 7. Bc4 e6 8. c3
Nf6 9. O-O Nbd7 10. Bf4 Nb6 11. Bd3 Bxd3 12. Qxd3 Nbd5 13. Bd2 Bd6 14. Rfe1 Bf4
15. Nf5 Bxd2 16. Qxd2 Rg8 17. Ne5 Qc7 18. Nd3 O-O-O 19. Ne3 Rge8 20. h3 Re7 21.
Nc4 Rde8 22. Nc5 b6 23. Na6 Qd7 24. Qd3 Nc7 25. Qg3 Nxa6 26. Nd6+ Kd8 27. Nxe8
Nxe8 28. Qd3 Nac7 29. a4 a5 30. Reb1 e5 31. Rd1 exd4 32. Qxd4 Qxd4 33. Rxd4+
Rd7 34. Rad1 Rxd4 35. Rxd4+ Ke7 36. Kf1 Ne6 37. Rd2 Nd6 38. b4 Nc4 39. Rd1 Nc7
40. Ke2 Nd5 41. Rc1 Nb2 42. bxa5 bxa5 43. Kd2 Nb6 44. Kc2 N6xa4 45. Re1+ Kd6
46. Re8 Nc4 47. Rg8 g6 48. Rg7 Ke6 49. Rg8 Nab6 50. Re8+ Kd7 51. Re4 a4 52.
Rd4+ Ke6 53. Re4+ Kd5 54. Rd4+ Ke5 55. f3 f5 56. Kd3 a3 57. Kc2 Ne3+ 58. Kb3
Nbc4 59. f4+ Ke6 60. g3 c5 61. Rxc4 Nxc4 62. Kxc4 a2 63. Kxc5 a1=Q 64. c4 Qa5+
65. Kc6 Qa4+ 66. Kc5 Kd7 0-1

[Event "9.th Korbach B Open"]
[Site "Korbach"]
[Date "2017.10.22"]
[Round "6.30"]
[White "Bach, Oliver"]
[Black "Hoelss, Silas"]
[Result "1-0"]
[WhiteElo "1651"]
[BlackElo "1467"]
[PlyCount "129"]
[EventDate "2017.10.19"]
[EventType "swiss"]
[EventRounds "7"]
[EventCountry "GER"]
[SourceDate "2017.10.24"]

1. d4 f5 2. Bf4 Nf6 3. Nc3 g6 4. Qd2 Bg7 5. O-O-O O-O 6. h4 d6 7. Bh6 Bxh6 8.
Qxh6 Ng4 9. Qf4 Qe8 10. Nh3 e5 11. dxe5 dxe5 12. Qc4+ Rf7 13. e3 Be6 14. Qb4 b6
15. Rd2 c5 16. Qa3 Rd7 17. Rxd7 Nxd7 18. Bb5 Qe7 19. Rd1 a5 20. Rd2 e4 21. Nd5
Bxd5 22. Rxd5 Ndf6 23. Qb3 Kg7 24. Qc3 Kh6 25. Rd2 Rd8 26. Rxd8 Qxd8 27. Qd2
Qxd2+ 28. Kxd2 Nd5 29. Bc4 Ne7 30. a4 Kg7 31. Be2 Nf6 32. Nf4 Ned5 33. Nxd5
Nxd5 34. Bc4 Ne7 35. Kc3 Kf6 36. Ba6 Ke5 37. Kc4 Kd6 38. Bb5 Nc6 39. Bxc6 Kxc6
40. c3 h6 41. b4 cxb4 42. cxb4 axb4 43. Kxb4 g5 44. hxg5 hxg5 45. Kc4 Kd6 46.
Kd4 Ke6 47. f3 exf3 48. gxf3 g4 49. fxg4 fxg4 50. Ke4 g3 51. Kf3 Ke5 52. Kxg3
Ke4 53. Kf2 Ke5 54. Kf3 Kf5 55. Ke2 Ke4 56. Kd2 Ke5 57. Kd3 Kd5 58. e4+ Ke6 59.
Kc4 Kd6 60. Kb5 Kc7 61. e5 Kb7 62. e6 Kc7 63. e7 Kd7 64. Kxb6 Kxe7 65. Kb7 1-0

[Event "9.th Korbach B Open"]
[Site "Korbach"]
[Date "2017.10.22"]
[Round "6.31"]
[White "Hagner, Bennet"]
[Black "Langhammer, Joerg"]
[Result "1-0"]
[WhiteElo "1594"]
[BlackElo "1732"]
[PlyCount "53"]
[EventDate "2017.10.19"]
[EventType "swiss"]
[EventRounds "7"]
[EventCountry "GER"]
[SourceDate "2017.10.24"]

1. d4 Nf6 2. c4 e6 3. Nc3 d5 4. Nf3 Be7 5. Bf4 O-O 6. e3 a6 7. Bd3 dxc4 8. Bxc4
b5 9. Bd3 Bb7 10. O-O Nbd7 11. a3 c5 12. Qe2 c4 13. Bc2 Nb6 14. Rad1 Nbd5 15.
Nxd5 Nxd5 16. Be5 Nf6 17. e4 Qc8 18. Ng5 h6 19. Nh3 Re8 20. Nf4 Qc6 21. Bxf6
Bxf6 22. Nh5 Be7 23. Qg4 g6 24. f3 Kh7 25. Qf4 f5 26. exf5 Bd6 27. fxg6+ 1-0